000
00256nam a22001217a 4500
003
OSt
008
150215b xxu||||| |||| 00| 0 eng d
100
1
_a
Sloane,George B.
041
_a
eng
245
1
0
_a
Sloane's Column
260
_b
1961
_c
1980
300
_a
0 pages
999
_c
659
_d
659